000 00931cam a22002652 4500
001 7270
003 BD-RjUL
005 20211208234405.0
008 140113s1942 mauabf 001 0 eng
035 _a(BD-RjUL)7313
040 _aDLC
_cDLC
_dDLC
_dBD-RjUL
_beng
041 _aeng
082 _a448.242
_bFRR 1942
100 1 _aFraser, William Henry,
_d1853-1916. [from old catalog]
_922718
245 0 0 _aRevised elementary French grammar /
_c[by] W.H. Fraser & J. Squair and Clifford S. Parker ...
260 _aBoston :
_bD.C. Heath and company,
_cc1942
300 _axvii, 410 p. :
_billus. (maps) plates. ;
_c22 cm.
504 _aIncludes Index.
650 0 _aFrench language
_xGrammar
_922622
700 1 _aSquair, John,
_d1850-1928, [from old catalog]
_ejoint author.
_922719
700 1 _aParker, Clifford Stetson,
_d1891- [from old catalog]
_922720
942 _2ddc
_cBK
999 _c7270
_d7270